[Event "Roskilde 100 aars Jubilaeum 2008"]
[Site "Roskilde"]
[Date "2008.10.17"]
[Round "8"]
[White "Andersen, Daniel"]
[Black "Jensen, Soren2"]
[Result "1/2-1/2"]
[WhiteElo "1806"]
[BlackElo "1603"]
[PlyCount "117"]
[EventDate "2008.??.??"]


1. c4 Nf6 2. Nc3 e6 3. Nf3 b6 4. g3 Bb7 5. Bg2 Be7 6. O-O O-O 7. d4 d6 8. h3
Nbd7 9. Re1 Ne4 10. Qd3 Nxc3 11. Qxc3 f5 12. d5 e5 13. e4 fxe4 14. Rxe4 Rf7 15.
Re2 a5 16. b3 Nc5 17. Nd2 Bc8 18. Ne4 Nxe4 19. Rxe4 Bf5 20. Re2 Bf6 21. Bb2 Qd7
22. Kh2 Raf8 23. a3 Bg5 24. b4 axb4 25. axb4 Be7 26. Bc1 Qd8 27. Be3 Bg5 28.
Ra7 Bxe3 29. Qxe3 Qf6 30. Rb2 Rb8 31. Rba2 Bb1 32. Rb2 Qg6 33. Qc1 Be4 34. Qe3
Bd3 35. Qc1 Be4 36. Re2 Bxg2 37. Kxg2 Rbf8 38. Qe3 Qb1 39. Qa3 Rf3 40. Qb2 Qxb2
41. Rxb2 R3f7 42. Rb7 Ra8 43. c5 dxc5 44. bxc5 bxc5 45. R7b5 Rd8 46. Rxc5 Rfd7
47. Rd2 Kf7 48. Kf3 c6 49. Ke4 cxd5+ 50. Kxe5 d4 51. Rc4 Re8+ 52. Kf4 d3 53.
Re4 Rc8 54. Ke3 Rcd8 55. f4 Kf6 56. g4 h6 57. h4 g6 58. Re5 Rd6 59. Re4 1/2-1/2

[Event "Roskilde 100 aars Jubilaeum 2008"]
[Site "Roskilde"]
[Date "2008.10.17"]
[Round "8"]
[White "Jorgensen, Morten"]
[Black "Jensen, Jan Kargaard"]
[Result "1-0"]
[WhiteElo "1491"]
[BlackElo "1624"]
[PlyCount "77"]
[EventDate "2008.??.??"]


1. d4 Nf6 2. c4 e6 3. Nc3 Bb4 4. Qc2 c5 5. Nf3 O-O 6. Bg5 h6 7. Bh4 g5 8. Bg3
g4 9. Nd2 cxd4 10. Nb5 Nc6 11. Bc7 Qe7 12. a3 Bc5 13. b4 a6 14. bxc5 axb5 15.
Bd6 Qd8 16. Bxf8 Kxf8 17. cxb5 Nb4 18. Qb3 Qa5 19. Rb1 Nbd5 20. Qd3 Nc3 21. Rb3
e5 22. e3 Nfe4 23. exd4 exd4 24. Qxd4 Nxd2 25. Qxd2 Ne4 26. Qxa5 Rxa5 27. Be2
f5 28. f3 Nxc5 29. Rc3 d6 30. fxg4 fxg4 31. Rf1+ Kg7 32. Bc4 Kg6 33. Rf8 Bf5
34. Rd8 Ne4 35. Re3 Ra4 36. Bd5 Rd4 37. Bxb7 Rc4 38. Bxe4 Bxe4 39. Rxd6+ 1-0

[Event "Roskilde 100 aars Jubilaeum 2008"]
[Site "Roskilde"]
[Date "2008.10.17"]
[Round "8"]
[White "Eriksson, Christian Altenburg"]
[Black "Jorgensen, Brian Jorgen"]
[Result "1/2-1/2"]
[WhiteElo "1997"]
[BlackElo "2210"]
[PlyCount "83"]
[EventDate "2008.??.??"]


1. e4 e6 2. d4 d5 3. e5 c5 4. c3 Nc6 5. Nf3 Qb6 6. a3 Nh6 7. b4 cxd4 8. cxd4
Nf5 9. Be3 f6 10. exf6 gxf6 11. Nc3 Bd7 12. Na4 Qc7 13. Nc5 Bxc5 14. bxc5 e5
15. Be2 O-O-O 16. O-O e4 17. Ne1 h5 18. Nc2 Nce7 19. Nb4 a5 20. c6 Bxc6 21.
Nxc6 bxc6 22. Qa4 Kd7 23. Bd2 Rb8 24. Bc3 Rhg8 25. Rfd1 Nh4 26. g3 Nhf5 27.
Qxa5 Qxa5 28. Bxa5 h4 29. Be1 Rb2 30. Bf1 e3 31. Bh3 hxg3 32. hxg3 Kd6 33. Rdb1
exf2+ 34. Bxf2 Rxb1+ 35. Rxb1 Nxg3 36. Kh2 Ne4 37. Be1 f5 38. Bb4+ Ke6 39. Bxe7
Kxe7 40. Bxf5 Kd6 41. Rb7 c5 42. Rb6+ 1/2-1/2

[Event "Roskilde 100 aars Jubilaeum 2008"]
[Site "Roskilde"]
[Date "2008.10.17"]
[Round "8"]
[White "Hoi, Carsten"]
[Black "Schandorff, Lars"]
[Result "0-1"]
[WhiteElo "2382"]
[BlackElo "2520"]
[PlyCount "69"]
[EventDate "2008.??.??"]


1. d4 d5 2. Nc3 Nf6 3. Bg5 Nbd7 4. Nf3 h6 5. Bh4 e6 6. e4 g5 7. Bg3 Nxe4 8.
Nxe4 dxe4 9. Nd2 Bg7 10. c3 f5 11. h4 g4 12. f3 exf3 13. gxf3 h5 14. Bc4 Nb6
15. Bb3 O-O 16. Qe2 Kh7 17. O-O-O Bh6 18. Kb1 Bd7 19. Bc2 Nd5 20. fxg4 hxg4 21.
Ne4 fxe4 22. Be5 Ne3 23. Bxe4+ Rf5 24. Rd3 Bb5 25. b3 Bxd3+ 26. Qxd3 Kg8 27.
Bxf5 Nxf5 28. Qe4 c6 29. Rg1 Kh7 30. Qxg4 Qe8 31. c4 Qg8 32. Qd1 Qf7 33. Qd3
Rd8 34. Qe4 Qh5 35. d5 0-1

[Event "Roskilde 100 aars Jubilaeum 2008"]
[Site "Roskilde"]
[Date "2008.10.17"]
[Round "8"]
[White "Bromann, Thorbjrn"]
[Black "Christensen, Svend Ellegaard"]
[Result "1-0"]
[WhiteElo "2416"]
[BlackElo "2172"]
[PlyCount "103"]
[EventDate "2008.??.??"]


1. c4 e6 2. g3 d5 3. Bg2 c6 4. Nf3 Nf6 5. O-O Be7 6. b3 O-O 7. d3 b6 8. Qc2 Bb7
9. e4 Na6 10. e5 Nd7 11. Qe2 Nc7 12. Nc3 a5 13. Bf4 Ra6 14. h4 b5 15. Ng5 a4
16. cxb5 cxb5 17. bxa4 b4 18. Nb5 Nxb5 19. axb5 Ra5 20. d4 Qb6 21. Rfd1 Rxb5
22. Qg4 Ra5 23. Bd2 Ba6 24. Qh5 h6 25. Nh3 Qxd4 26. Bf4 Qb6 27. Qg4 Kh7 28.
Be4+ g6 29. h5 Rg8 30. hxg6+ fxg6 31. Bxd5 Rxd5 32. Rxd5 exd5 33. Qxd7 Rg7 34.
Kg2 d4 35. f3 d3 36. Nf2 Bc5 37. Qh3 Bxf2 38. Qxh6+ Kg8 39. Rh1 Bc5 40. Qh8+
Kf7 41. Bh6 Bf8 42. Bxg7 Bxg7 43. Rh7 Ke6 44. Rxg7 Kd5 45. Qg8+ Kd4 46. Rxg6
Qb5 47. Rg4+ Ke3 48. Re4+ Kd2 49. Qb3 Bb7 50. Rxb4 Qc6 51. Qb2+ Ke3 52. Qf2#
1-0

[Event "Roskilde 100 aars Jubilaeum 2008"]
[Site "Roskilde"]
[Date "2008.10.17"]
[Round "8"]
[White "Hestehauge, Klaus"]
[Black "Lavrsen, Frands Winther"]
[Result "1/2-1/2"]
[WhiteElo "1889"]
[BlackElo "1762"]
[PlyCount "96"]
[EventDate "2008.??.??"]


1. d4 d5 2. Nf3 Nf6 3. Bf4 e6 4. e3 Be7 5. Nbd2 Nbd7 6. h3 c5 7. c3 O-O 8. Be2
b6 9. O-O Bb7 10. Bh2 Ne4 11. Nxe4 dxe4 12. Nd2 Bd5 13. Qc2 f5 14. dxc5 Nxc5
15. b4 Nb7 16. c4 Rc8 17. Qb3 Bc6 18. Rfd1 Qe8 19. b5 Na5 20. Qa4 Ba8 21. Nb3
Nxb3 22. axb3 Bf6 23. Ra2 Rf7 24. Rad2 e5 25. Qb4 Bg5 26. Qd6 f4 27. Bg4 fxe3
28. Bxc8 exd2 29. Be6 e3 30. Bxf7+ Qxf7 31. Qb8+ Qf8 32. Qxf8+ Kxf8 33. fxe3
Bxe3+ 34. Kf1 Be4 35. Ke2 Bh6 36. Bxe5 Bxg2 37. h4 Bh3 38. Rxd2 Bxd2 39. Kxd2
Bc8 40. Bb8 a6 41. bxa6 Bxa6 42. Be5 g6 43. Bd4 b5 44. c5 Ke7 45. Kc3 Kd7 46.
Kb4 Kc6 47. Kc3 Bc8 48. b4 Kd5 1/2-1/2

[Event "Roskilde 100 aars Jubilaeum 2008"]
[Site "Roskilde"]
[Date "2008.10.17"]
[Round "8"]
[White "Lauridsen, Jesper Morch"]
[Black "Madsen, Poul Henrik"]
[Result "1-0"]
[WhiteElo "2279"]
[BlackElo "2039"]
[PlyCount "76"]
[EventDate "2008.??.??"]


1. e4 c6 2. d4 d5 3. exd5 cxd5 4. c4 Nf6 5. Nc3 e6 6. Nf3 Be7 7. cxd5 Nxd5 8.
Bc4 Nf6 9. O-O O-O 10. Re1 Nc6 11. a3 b6 12. Bg5 Bb7 13. Rc1 Rc8 14. Ba2 Nd5
15. Bxd5 Bxg5 16. Nxg5 Qxg5 17. Bf3 Rfd8 18. Ne2 e5 19. d5 Ne7 20. Rxc8 Nxc8
21. Nc3 Nd6 22. Qe2 Re8 23. g3 f5 24. Bg2 e4 25. h4 Qf6 26. Qh5 g6 27. Qe2 h6
28. Qd2 h5 29. Qf4 Kg7 30. Bf1 Qe5 31. Qd2 Rf8 32. Ne2 Nc4 33. Qb4 Rc8 34. Nf4
Qd6 35. Qa4 Ne5 36. Qxa7 Qd7 37. Rd1 Rc2 38. Qxb6 Nf3+ 1-0

[Event "Roskilde 100 aars Jubilaeum 2008"]
[Site "Roskilde"]
[Date "2008.10.17"]
[Round "8"]
[White "Marshall, Michael"]
[Black "Zachariassen, John"]
[Result "1-0"]
[WhiteElo "1765"]
[BlackElo "1895"]
[PlyCount "67"]
[EventDate "2008.??.??"]


1. e4 g6 2. Nf3 Bg7 3. d4 c6 4. Nc3 d6 5. Be3 Nf6 6. Qd2 Ng4 7. Bg5 h6 8. Bh4
Qa5 9. h3 Nf6 10. Bd3 Nbd7 11. O-O g5 12. Bg3 g4 13. hxg4 Nxg4 14. Rfe1 h5 15.
Bh4 Rg8 16. Ne2 Qxd2 17. Nxd2 Bh6 18. Nf3 Ndf6 19. Ng3 Bf4 20. Ne2 Bh6 21. Ng3
Bd7 22. c4 e5 23. dxe5 dxe5 24. Rad1 Bf4 25. Ne2 Bh6 26. Ng3 Be6 27. b3 Bf8 28.
Nxe5 Bc5 29. Nxg4 Nxg4 30. Nf5 Ne5 31. Bf1 Bb4 32. Re2 Ng6 33. Bg3 h4 34. Bh2
1-0

[Event "Roskilde 100 aars Jubilaeum 2008"]
[Site "Roskilde"]
[Date "2008.10.17"]
[Round "8"]
[White "Pedersen, Nicolai Vesterbaek"]
[Black "Brekka, Hanus"]
[Result "1-0"]
[WhiteElo "2431"]
[BlackElo "2019"]
[PlyCount "82"]
[EventDate "2008.??.??"]


1. d4 d5 2. c4 c6 3. Nf3 Nf6 4. e3 e6 5. Nc3 Be7 6. Bd3 Nbd7 7. b3 O-O 8. Qc2
Bd6 9. O-O e5 10. cxd5 cxd5 11. Nb5 Bb8 12. dxe5 Nxe5 13. Nxe5 Bxe5 14. Bb2
Bxb2 15. Qxb2 Be6 16. Rac1 a6 17. Nc7 Rc8 18. Qe5 Qe7 19. Rc2 Rcd8 20. Rfc1 Qd6
21. Qxd6 Rxd6 22. Nxe6 fxe6 23. Rc7 Rd7 24. Rxd7 Nxd7 25. f4 Nf6 26. h3 g6 27.
g4 Rf7 28. Kg2 Re7 29. Rc8+ Kf7 30. g5 Ne8 31. Rd8 Rc7 32. Kf3 Ke7 33. Rb8 Kd7
34. h4 Nd6 35. Rh8 Kc6 36. Kg4 Rg7 37. h5 Ne4 38. Bxe4 dxe4 39. Re8 Kd7 40. Rh8
Kc7 41. Re8 Kd7 1-0

[Event "Roskilde 100 aars Jubilaeum 2008"]
[Site "Roskilde"]
[Date "2008.10.18"]
[Round "9"]
[White "Brekka, Hanus"]
[Black "Bromann, Thorbjrn"]
[Result "0-1"]
[WhiteElo "2019"]
[BlackElo "2416"]
[PlyCount "78"]
[EventDate "2008.??.??"]


1. e4 g6 2. d4 Bg7 3. Nc3 d6 4. Be3 a6 5. a4 b6 6. Bd3 Nd7 7. Nce2 Bb7 8. f3 e5
9. c3 Ne7 10. Nh3 d5 11. O-O O-O 12. Ng3 c5 13. Be2 dxe4 14. fxe4 exd4 15. cxd4
Nc6 16. d5 Nd4 17. Kh1 Qe7 18. Ra3 Rae8 19. Qd2 Nxe2 20. Qxe2 h5 21. Qd2 Ne5
22. Bh6 Nc4 23. Qf4 Be5 24. Qc1 Nxa3 25. Bxf8 Rxf8 26. bxa3 Bxg3 27. hxg3 Qxe4
28. Qh6 Qxd5 29. Rf2 Qd4 30. Rd2 Qg7 31. Qf4 Re8 32. Ng5 Bc8 33. Rd6 Bf5 34.
Rxb6 Re1+ 35. Kh2 Qa1 36. Rb8+ Kg7 37. g4 Rh1+ 38. Kg3 Qe1+ 39. Qf2 h4+ 0-1

[Event "Roskilde 100 aars Jubilaeum 2008"]
[Site "Roskilde"]
[Date "2008.10.18"]
[Round "9"]
[White "Jensen, Jan Kargaard"]
[Black "Larsen, Arne Walther"]
[Result "0-1"]
[WhiteElo "1624"]
[BlackElo "1703"]
[PlyCount "116"]
[EventDate "2008.??.??"]


1. d4 Nf6 2. Bf4 g6 3. Nf3 d6 4. Nbd2 Bg7 5. e3 c6 6. c3 Bf5 7. h3 Nbd7 8. Bc4
O-O 9. O-O b5 10. Be2 a6 11. Re1 c5 12. Bf1 Ne4 13. Nxe4 Bxe4 14. Bd3 Nf6 15.
Bxe4 Nxe4 16. Qc2 f5 17. Rad1 Qb6 18. Ng5 Nxg5 19. Bxg5 Bf6 20. Bxf6 Rxf6 21.
e4 e5 22. dxe5 dxe5 23. c4 bxc4 24. Qxc4+ Kg7 25. Rd7+ Kh6 26. Qd5 Raf8 27.
Qd2+ f4 28. b3 Qb4 29. Rc1 Qxd2 30. Rxd2 f3 31. g3 Rc6 32. Rd5 c4 33. Rc3 Rfc8
34. b4 Rb8 35. a3 Rb5 36. Kf1 Rxd5 37. exd5 Rd6 38. Rxc4 Rxd5 39. Ke1 Kg5 40.
a4 Kf5 41. g4+ Kg5 42. Rc2 Rd4 43. Rb2 Rd6 44. b5 axb5 45. axb5 Rb6 46. Kd2 Kf4
47. Kd3 e4+ 48. Kd4 h5 49. Kc5 Rb8 50. gxh5 gxh5 51. b6 e3 52. Rb4+ Ke5 53. Kc6
exf2 54. Rb1 Kf4 55. Kc7 Rf8 56. b7 Kg3 57. b8=Q Rxb8 58. Kxb8 Kg2 0-1

[Event "Roskilde 100 aars Jubilaeum 2008"]
[Site "Roskilde"]
[Date "2008.10.18"]
[Round "9"]
[White "Jorgensen, Brian Jorgen"]
[Black "Christensen, Simon Ellegaard"]
[Result "1/2-1/2"]
[WhiteElo "2210"]
[BlackElo "1720"]
[PlyCount "98"]
[EventDate "2008.??.??"]


1. d4 Nf6 2. Nf3 c5 3. d5 d6 4. Nc3 g6 5. e4 Bg7 6. Bb5+ Nbd7 7. a4 a6 8. Be2
O-O 9. O-O Rb8 10. h3 b5 11. axb5 axb5 12. Nd2 b4 13. Ncb1 e6 14. dxe6 fxe6 15.
f4 Bb7 16. Bf3 Ne8 17. Nc4 Nb6 18. Qe2 Nxc4 19. Qxc4 Nc7 20. c3 Ra8 21. Rxa8
Qxa8 22. Rd1 Ba6 23. Qb3 bxc3 24. Nxc3 Qa7 25. Kh1 Rb8 26. Qa4 Qb6 27. Qd7 Bf8
28. h4 Bc4 29. Bg4 d5 30. e5 d4 31. Ne4 Ne8 32. Ng5 Ng7 33. Qf7+ Kh8 34. Qf6
Qb7 35. Bxe6 Bxe6 36. Nxe6 Qb3 37. Nxf8 Qxd1+ 38. Kh2 Qg4 39. e6 Qf5 40. Qxf5
Nxf5 41. Nd7 Rc8 42. g4 Ne7 43. h5 Rc6 44. hxg6 hxg6 45. Kg3 Kg7 46. Kf3 c4 47.
Ne5 Rc7 48. g5 c3 49. Ke4 Nf5 1/2-1/2

[Event "Roskilde 100 aars Jubilaeum 2008"]
[Site "Roskilde"]
[Date "2008.10.18"]
[Round "9"]
[White "Nielsen, Kurt Sogaard"]
[Black "Rasmussen, Henning"]
[Result "0-1"]
[WhiteElo "1612"]
[BlackElo "1918"]
[PlyCount "94"]
[EventDate "2008.??.??"]


1. d4 Nf6 2. c4 c5 3. e3 e6 4. Nf3 cxd4 5. Nxd4 Nc6 6. g3 Bb4+ 7. Bd2 Bxd2+ 8.
Nxd2 O-O 9. Bg2 d5 10. Nxc6 bxc6 11. O-O Rb8 12. b3 Bb7 13. c5 Ba6 14. Re1 Nd7
15. Qc2 Rb5 16. a4 Rxc5 17. Qb2 Qf6 18. Qxf6 Nxf6 19. Rec1 Rxc1+ 20. Rxc1 Rc8
21. b4 Nd7 22. Bf3 Ne5 23. Bd1 Kf8 24. Rc3 Ke7 25. f4 Nd7 26. Kf2 c5 27. b5 Bb7
28. a5 Kd8 29. Nb3 Ba8 30. Bc2 g6 31. h4 h5 32. Nd2 Ke7 33. Nf3 f5 34. Ba4 Nf6
35. Bc2 Nd7 36. Nd4 Rb8 37. Nc6+ Bxc6 38. bxc6 Nf6 39. Rxc5 Rc8 40. Kf3 Kd6 41.
Rc3 Rxc6 42. Rxc6+ Kxc6 43. Bd3 Ne4 44. Ba6 Nc5 45. Bf1 Nb3 46. a6 Nd2+ 47. Ke2
Nxf1 0-1

[Event "Roskilde 100 aars Jubilaeum 2008"]
[Site "Roskilde"]
[Date "2008.10.18"]
[Round "9"]
[White "Jorgensen, Morten"]
[Black "Christensen, Christoffer Ellegaa"]
[Result "0-1"]
[WhiteElo "1491"]
[BlackElo "1759"]
[PlyCount "88"]
[EventDate "2008.??.??"]


1. d4 e6 2. c4 d5 3. Nc3 Nf6 4. Bg5 Nbd7 5. Nf3 c6 6. cxd5 exd5 7. e3 Be7 8.
Bd3 Ne4 9. Bxe7 Qxe7 10. Qc2 f5 11. O-O-O Qd6 12. Nh4 Ndf6 13. f3 Nxc3 14. Qxc3
g6 15. f4 Bd7 16. Nf3 Rc8 17. b4 a5 18. Qc5 Qxc5+ 19. bxc5 O-O 20. Kd2 Rb8 21.
Rb1 Be6 22. Rb2 Bc8 23. Rhb1 Nd7 24. Ne5 Nxe5 25. fxe5 f4 26. exf4 Rxf4 27. Ke3
Rf7 28. Rf1 Rxf1 29. Bxf1 Kf7 30. Rf2+ Ke7 31. Rb2 Be6 32. Ba6 Bc8 33. Kf4 b5
34. Bxc8 Rxc8 35. Kg5 Rf8 36. g4 Rf3 37. Rd2 Kf7 38. Kh6 Kg8 39. e6 Re3 40. e7
Rxe7 41. Rf2 Re6 42. Kg5 Kg7 43. Kh4 h6 44. g5 Re4+ 0-1

[Event "Roskilde 100 aars Jubilaeum 2008"]
[Site "Roskilde"]
[Date "2008.10.18"]
[Round "9"]
[White "Lauridsen, Jesper Morch"]
[Black "Pedersen, Nicolai Vesterbaek"]
[Result "0-1"]
[WhiteElo "2279"]
[BlackElo "2431"]
[PlyCount "86"]
[EventDate "2008.??.??"]


1. e4 e5 2. Nf3 Nc6 3. Bb5 Nf6 4. O-O Nxe4 5. d4 Nd6 6. Bxc6 dxc6 7. dxe5 Nf5
8. Qxd8+ Kxd8 9. Rd1+ Ke8 10. Nc3 Be7 11. b3 Be6 12. Ng5 Bxg5 13. Bxg5 h6 14.
Bc1 b6 15. Ne2 c5 16. Nf4 Ke7 17. Bb2 Rhd8 18. Kf1 a5 19. a4 Nd4 20. Rd2 Bf5
21. Rc1 g5 22. Bxd4 cxd4 23. Nd3 Ke6 24. f4 Rd5 25. Kf2 Rd7 26. Re1 Rg8 27. g3
c5 28. h3 h5 29. Rh1 Bxd3 30. cxd3 gxf4 31. gxf4 Kf5 32. Re1 Re7 33. Rdd1 Re6
34. Rg1 Reg6 35. Rg5+ Rxg5 36. fxg5 Rxg5 37. h4 Rg4 38. Rf1 Rf4+ 39. Kg2 Rxf1
40. Kxf1 Kg4 41. Kf2 Kxh4 42. Kf3 Kg5 43. Ke4 h4 0-1

[Event "Roskilde 100 aars Jubilaeum 2008"]
[Site "Roskilde"]
[Date "2008.10.18"]
[Round "9"]
[White "Schandorff, Lars"]
[Black "Eriksson, Christian Altenburg"]
[Result "1-0"]
[WhiteElo "2520"]
[BlackElo "1997"]
[PlyCount "85"]
[EventDate "2008.??.??"]


1. d4 d5 2. c4 dxc4 3. Nf3 Nf6 4. e3 e6 5. Bxc4 c5 6. O-O a6 7. dxc5 Bxc5 8.
Qxd8+ Kxd8 9. Ne5 Ke7 10. Bd2 Bd7 11. Nc3 Nc6 12. Nxd7 Nxd7 13. Be2 Rhd8 14.
Rfd1 Nf6 15. Rac1 Rac8 16. Bf3 Ba7 17. Be1 Rd7 18. Kf1 Rcd8 19. Bxc6 Rxd1 20.
Nxd1 bxc6 21. Ke2 Kd7 22. Rc4 Kc7 23. Bc3 Ne8 24. b3 Rd5 25. Nb2 Rc5 26. Kd3
Rxc4 27. Nxc4 f6 28. Bb4 Kd7 29. f4 Bb8 30. g3 g6 31. Nb6+ Kc7 32. Na4 Ba7 33.
Bc5 Kb7 34. Bxa7 Kxa7 35. Nc5 e5 36. fxe5 fxe5 37. Nd7 Kb7 38. Nxe5 Kc7 39. e4
Nf6 40. Kd4 Kd6 41. Nf7+ Ke7 42. Ne5 Kd6 43. Nd3 1-0

[Event "Roskilde 100 aars Jubilaeum 2008"]
[Site "Roskilde"]
[Date "2008.10.18"]
[Round "9"]
[White "Sorensen, Dick"]
[Black "Marshall, Michael"]
[Result "1-0"]
[WhiteElo "1851"]
[BlackElo "1765"]
[PlyCount "87"]
[EventDate "2008.??.??"]


1. d4 Nf6 2. c4 e6 3. Nf3 b6 4. Bg5 Ba6 5. e3 h6 6. Bh4 d5 7. Bxf6 Bb4+ 8. Nc3
Bxc3+ 9. bxc3 Qxf6 10. Qa4+ c6 11. Ne5 Bb7 12. cxd5 exd5 13. Bd3 O-O 14. O-O c5
15. Rac1 Nc6 16. Nd7 Qe7 17. Nxf8 Rxf8 18. Qd1 g6 19. Qf3 Kg7 20. Bb1 Rd8 21.
Qg3 Re8 22. h4 h5 23. Qg5 Qe6 24. e4 Ne7 25. e5 Bc8 26. Rfd1 Nf5 27. Bxf5 Qxf5
28. Qxf5 Bxf5 29. dxc5 Rxe5 30. cxb6 axb6 31. Re1 Rxe1+ 32. Rxe1 b5 33. f3 Kf6
34. Kf2 Be6 35. Ke3 Ke7 36. Kd4 Kd6 37. Re5 Kc6 38. Rg5 Kd6 39. g4 hxg4 40.
fxg4 f5 41. Rxg6 fxg4 42. h5 Ke7 43. h6 Kf7 44. h7 1-0

[Event "Roskilde 100 aars Jubilaeum 2008"]
[Site "Roskilde"]
[Date "2008.10.18"]
[Round "9"]
[White "Larsen, Finn (1950)"]
[Black "Zmylon, Frederik Nielsen"]
[Result "0-1"]
[WhiteElo "1757"]
[BlackElo "1367"]
[PlyCount "92"]
[EventDate "2008.??.??"]


1. e4 c5 2. c3 d6 3. Qc2 Nc6 4. Nf3 Nf6 5. Bb5 Bd7 6. O-O a6 7. Bc4 e6 8. Re1
b5 9. Bf1 Be7 10. d4 cxd4 11. cxd4 O-O 12. a3 Qb6 13. Be3 Ng4 14. d5 Nxe3 15.
Rxe3 Nd4 16. Nxd4 Qxd4 17. Nc3 Rfc8 18. Rd1 Qb6 19. Qe2 e5 20. Kh1 Ra7 21. Na2
Rac7 22. Rc3 Rxc3 23. bxc3 Qa5 24. Qb2 Qa4 25. Re1 Qa5 26. Bd3 Qc7 27. Rc1 Rb8
28. Nb4 Qb6 29. Qe2 Rc8 30. Qf1 a5 31. Nc6 Bxc6 32. dxc6 Qxc6 33. f3 b4 34.
axb4 axb4 35. Bb5 Qc5 36. c4 Bg5 37. Ra1 h6 38. g3 Be3 39. Qh3 Rd8 40. Ra6 b3
41. Qf1 Qd4 42. Qb1 b2 43. Ra3 Bc1 44. Rd3 Qf2 45. Rd1 Qxf3+ 46. Kg1 Qxd1+ 0-1

[Event "Roskilde 100 aars Jubilaeum 2008"]
[Site "Roskilde"]
[Date "2008.10.18"]
[Round "9"]
[White "Christensen, Svend Ellegaard"]
[Black "Hoi, Carsten"]
[Result "1/2-1/2"]
[WhiteElo "2172"]
[BlackElo "2382"]
[PlyCount "41"]
[EventDate "2008.??.??"]


1. d4 Nf6 2. Nf3 d6 3. Bf4 g6 4. h3 Bg7 5. e3 O-O 6. Be2 Nbd7 7. O-O Qe8 8.
Nbd2 b6 9. Bh2 Bb7 10. c3 e5 11. dxe5 dxe5 12. Qc2 Qe7 13. Rfd1 Rfd8 14. a4 a6
15. b4 Rac8 16. Nc4 Ne4 17. Qb3 h6 18. Rac1 Kh7 19. Ncd2 Nd6 20. Nc4 Qe6 21.
Ncd2 1/2-1/2

[Event "Roskilde 100 aars Jubilaeum 2008"]
[Site "Roskilde"]
[Date "2008.10.18"]
[Round "9"]
[White "Hestehauge, Klaus"]
[Black "Andersen, Daniel"]
[Result "1-0"]
[WhiteElo "1889"]
[BlackElo "1806"]
[PlyCount "59"]
[EventDate "2008.??.??"]


1. d4 Nf6 2. Nf3 g6 3. Nc3 d5 4. Bf4 Bg7 5. e3 c5 6. Be2 Nc6 7. h3 cxd4 8. exd4
Ne4 9. Nb5 O-O 10. c3 a6 11. Na3 Qa5 12. Rc1 Bd7 13. O-O b5 14. Nd2 Nxd2 15.
Qxd2 Qb6 16. Nc2 a5 17. Ne3 e6 18. Ng4 h5 19. Ne5 Nxe5 20. dxe5 Rfc8 21. Bh6
Bxe5 22. Qg5 Bg7 23. Bxg7 Kxg7 24. Bxh5 Qd6 25. Bf3 Rc5 26. Rcd1 b4 27. Rd4
bxc3 28. bxc3 Rxc3 29. Rh4 Rh8 30. Rxh8 1-0

[Event "Roskilde 100 aars Jubilaeum 2008"]
[Site "Roskilde"]
[Date "2008.10.18"]
[Round "9"]
[White "Lavrsen, Frands Winther"]
[Black "Jensen, Soren2"]
[Result "1-0"]
[WhiteElo "1762"]
[BlackElo "1603"]
[PlyCount "55"]
[EventDate "2008.??.??"]


1. f4 d5 2. Nf3 Nf6 3. e3 Bg4 4. Be2 e6 5. O-O Be7 6. b3 O-O 7. Bb2 c5 8. Ne5
Bxe2 9. Qxe2 Nfd7 10. Qg4 Nxe5 11. Bxe5 Bf6 12. Nc3 Nc6 13. Bxf6 Qxf6 14. f5
Rad8 15. a3 e5 16. e4 d4 17. Nd5 Qh6 18. f6 Rd6 19. Rf3 Qg6 20. Qh4 Qh6 21.
Qxh6 gxh6 22. Raf1 Kh8 23. Rh3 Rg8 24. Ne7 Nxe7 25. fxe7 Re6 26. Rxf7 Rg7 27.
Rf8+ Rg8 28. Rg3 1-0

[Event "Roskilde 100 aars Jubilaeum 2008"]
[Site "Roskilde"]
[Date "2008.10.18"]
[Round "9"]
[White "Schmidt, Horst Hubert"]
[Black "Hansen, Lars Henrik Bech"]
[Result "0-1"]
[WhiteElo "1778"]
[BlackElo "1988"]
[PlyCount "80"]
[EventDate "2008.??.??"]


1. d4 c5 2. Nf3 cxd4 3. Nxd4 Nc6 4. e3 g6 5. g3 Bg7 6. Bg2 Qb6 7. c3 Nf6 8. O-O
d5 9. Nd2 e5 10. Ne2 O-O 11. h3 Be6 12. Kh1 Rad8 13. Nf3 h6 14. b3 Ne4 15. Bb2
Kh7 16. Qc2 Bf5 17. Qc1 Qa6 18. c4 dxc4 19. bxc4 Nb4 20. Ne1 Nxa2 21. Rxa2 Qxa2
22. f3 Nd2 23. Rf2 Qxc4 24. e4 Be6 25. Nc3 Nb3 26. Qe3 Qc5 27. Qxc5 Nxc5 28.
Ba3 b6 29. Bf1 f5 30. Rc2 fxe4 31. Bg2 exf3 32. Bf1 f2 33. Ng2 Rf3 34. Kh2 Bf5
35. Rc1 Nb3 36. Nh4 Nxc1 37. Nxf3 e4 38. Nh4 Bxc3 39. Nxf5 gxf5 40. Kg2 Nd3 0-1

[Event "Roskilde 100 aars Jubilaeum 2008"]
[Site "Roskilde"]
[Date "2008.10.18"]
[Round "9"]
[White "Zachariassen, John"]
[Black "Christensen, Casper"]
[Result "1-0"]
[WhiteElo "1895"]
[BlackElo "1678"]
[PlyCount "101"]
[EventDate "2008.??.??"]


1. c4 g6 2. g3 Bg7 3. Bg2 d6 4. Nf3 c5 5. O-O Nc6 6. Nc3 Nf6 7. Rb1 O-O 8. a3
Bf5 9. d3 Na5 10. Bd2 Nc6 11. b4 cxb4 12. axb4 Qc8 13. Re1 Bh3 14. Bh1 a6 15.
b5 axb5 16. Rxb5 Bd7 17. Qb1 Na5 18. Rb4 Bc6 19. e4 e6 20. Nb5 Rd8 21. Be3 Ra6
22. Nc3 Nd7 23. Rc1 Nc5 24. d4 Ncb3 25. Rxb3 Nxb3 26. Qxb3 Qa8 27. Qb2 Rc8 28.
Bg2 Be8 29. Nd2 Rc7 30. Bf1 Ra3 31. Ndb1 Ra1 32. Bd3 Rc8 33. Rf1 f5 34. exf5
exf5 35. Nd5 Rd8 36. Bg5 Rb8 37. Bf4 Qa7 38. c5 Ra2 39. Qb3 Kh8 40. Bxd6 Ra8
41. Nb6 Rd8 42. Bc4 Ra1 43. Be5 h6 44. Bxg7+ Kxg7 45. d5 Bf7 46. d6 Bxc4 47.
Qxc4 Qa2 48. Qd3 Qb2 49. Nc4 Qf6 50. Re1 Kf7 51. Qd5+ 1-0

[Event "Roskilde 100 aars Jubilaeum 2008"]
[Site "Roskilde"]
[Date "2008.10.18"]
[Round "9"]
[White "Meldal, Peter"]
[Black "Jorgensen, Orla Eilegaard"]
[Result "0-1"]
[WhiteElo "1236"]
[BlackElo "1327"]
[PlyCount "42"]
[EventDate "2008.??.??"]


1. e4 b6 2. Nf3 Bb7 3. Nc3 c5 4. Bc4 d6 5. O-O e6 6. a4 Nc6 7. Re1 Nf6 8. d3 h6
9. e5 Ng4 10. exd6 Bxd6 11. Ne4 Bc7 12. c3 O-O 13. h3 Nf6 14. Nxf6+ Qxf6 15. d4
Rfd8 16. Qc2 cxd4 17. cxd4 Nxd4 18. Nxd4 Qxd4 19. Be3 Qd6 20. g3 Qc6 21. f4
Qh1+ 0-1

[Event "Roskilde 100 aars Jubilaeum 2008"]
[Site "Roskilde"]
[Date "2008.10.18"]
[Round "9"]
[White "Wadtland, Flemming"]
[Black "Kristensen, Steffen Michael"]
[Result "1-0"]
[WhiteElo "1137"]
[BlackElo "1195"]
[PlyCount "49"]
[EventDate "2008.??.??"]


1. f4 Nf6 2. e3 e6 3. Nf3 Be7 4. b3 d5 5. Bb2 Nc6 6. d4 Ne4 7. g3 b6 8. a3 Bb7
9. Qd3 a5 10. Qd1 O-O 11. Bb5 Na7 12. Bd3 h6 13. Qe2 c5 14. Nbd2 Rc8 15. c4
dxc4 16. bxc4 Nxd2 17. Kxd2 Bxf3 18. Qxf3 f5 19. Rhe1 cxd4 20. exd4 Bf6 21.
Rxe6 Bxd4 22. Rb1 Bxb2 23. Rxb2 Qd4 24. Rc2 Nc6 25. Rxc6 1-0

[Event "Roskilde 100 aars Jubilaeum 2008"]
[Site "Roskilde"]
[Date "2008.10.18"]
[Round "9"]
[White "Sorensen, Lindved"]
[Black "Jorgensen, Alexander Torp"]
[Result "1-0"]
[WhiteElo "1592"]
[BlackElo "1002"]
[PlyCount "23"]
[EventDate "2008.??.??"]


1. Nf3 d5 2. c4 d4 3. e3 Nc6 4. a3 Bg4 5. h3 Bxf3 6. Qxf3 e5 7. Bd3 f6 8. O-O
a5 9. Qh5+ Kd7 10. Bf5+ Kd6 11. Qf7 Qe7 12. Qd5# 1-0

[Event "Roskilde 100 aars Jubilaeum 2008"]
[Site "Roskilde"]
[Date "2008.10.18"]
[Round "9"]
[White "Hein, Jacob"]
[Black "Seirup, Simon"]
[Result "0-1"]
[WhiteElo "1456"]
[BlackElo "1226"]
[PlyCount "96"]
[EventDate "2008.??.??"]


1. d4 d5 2. c4 e6 3. cxd5 exd5 4. Bf4 Nc6 5. Nf3 Nf6 6. e3 Bf5 7. Nc3 a6 8. a3
Bd6 9. Ne5 Bxe5 10. dxe5 Ng4 11. Qxd5 Qxd5 12. Nxd5 Rc8 13. e6 fxe6 14. Nxc7+
Ke7 15. Bc4 Nge5 16. Bxe6 Bxe6 17. Nxe6 Kxe6 18. O-O Ng6 19. Bg3 h5 20. f4 Kf5
21. Rf3 Rhe8 22. Re1 Rc7 23. e4+ Rxe4 24. Rxe4 Kxe4 25. Kf2 Re7 26. Re3+ Kf5
27. Rxe7 Ncxe7 28. Kf3 Nd5 29. h3 Ndxf4 30. Bxf4 Nxf4 31. g4+ hxg4+ 32. hxg4+
Kg5 33. a4 Nd3 34. b3 Ne5+ 35. Ke4 Nxg4 36. Kd5 Kf5 37. Kc5 Ke5 38. Kb6 Kd4 39.
a5 Ne5 40. Kxb7 Kc3 41. Kxa6 Nc6 42. Kb5 Nxa5 43. b4 Nc4 44. Kc5 g5 45. Kd5 Kd3
46. b5 g4 47. b6 Nxb6+ 48. Ke5 g3 0-1